| 000 | 00343nam a22001217a 4500 | ||
|---|---|---|---|
| 082 | _a220 PRO | ||
| 100 |
_aSOHAIL,OSSAMA,KASHIF _972141 |
||
| 245 | _aPR-SOF-1111-DESIGN AND FABRICAITON OF PICO HYDRO PROPELLER TURBINE | ||
| 260 |
_aISLAMABAD _bNUST COLLEGE OF EME _c2011 |
||
| 650 | _a DE-MECH-29 | ||
| 700 | _aDR MUHAMMAD AFZAAL | ||
| 942 | _cCR | ||
| 999 |
_c578305 _d578305 |
||